[Event "Chess Attack-serien Eliteserien 2010-2011"]
[Site "Haraldsheim, Oslo"]
[Date "2011.01.21"]
[Round "4"]
[White "Berg, Emanuel"]
[Black "Elsness, Frode"]
[Result "0-1"]
[WhiteElo "2576"]
[BlackElo "2488"]
[PlyCount "126"]
[EventDate "2010.??.??"]

1. e4 e5 2. Nf3 Nc6 3. Bb5 a6 4. Ba4 Nf6 5. O-O Be7 6. Re1 b5 7. Bb3 O-O 8. d4
Nxd4 9. Nxd4 exd4 10. e5 Ne8 11. c3 dxc3 12. Nxc3 d6 13. Nd5 Be6 14. Qf3 Bxd5
15. Bxd5 Rb8 16. Be3 c5 17. Rad1 Qc7 18. exd6 Bxd6 19. h4 Nf6 20. h5 Nxd5 21.
Rxd5 h6 22. Red1 Rbd8 23. Kf1 Be7 24. Bf4 Qc6 25. Be5 Qe6 26. Bc7 Rxd5 27. Qxd5
Qxd5 28. Rxd5 Rc8 29. Rd7 Bf6 30. b3 c4 31. bxc4 bxc4 32. Ke2 c3 33. Kd3 c2 34.
Kxc2 Kf8 35. Kd3 Ke8 36. Rd6 Rxc7 37. Rxa6 Rc3+ 38. Kd2 Rc5 39. g4 Bc3+ 40. Kd3
Ra5 41. Rc6 Bf6 42. Rc2 Ra4 43. f3 Kd7 44. Ke3 Bg5+ 45. Kf2 Kd6 46. Rb2 f5 47.
Kg3 f4+ 48. Kg2 Ra3 49. Rd2+ Kc5 50. Re2 Kd4 51. Re4+ Kd3 52. Kh3 Kd2 53. Kg2
Rxa2 54. Kh3 Ra7 55. Kg2 Re7 56. Ra4 Re2+ 57. Kf1 Re1+ 58. Kg2 Kc3 59. Kh3 Rg1
60. Kh2 Rg3 61. Ra7 Bf6 62. Ra4 Bd4 63. Ra3+ Kc2 
0-1

[Event "Chess Attack-serien Eliteserien 2010-2011"]
[Site "Haraldsheim, Oslo"]
[Date "2011.01.21"]
[Round "4"]
[White "Stojanovic, Mihajlo"]
[Black "Lie, Espen"]
[Result "1-0"]
[WhiteElo "2187"]
[BlackElo "2441"]
[PlyCount "73"]
[EventDate "2010.??.??"]

1. Nf3 d5 2. e3 c5 3. b3 Nc6 4. Bb2 a6 5. d4 Nf6 6. Be2 Bf5 7. O-O e6 8. c4
cxd4 9. Nxd4 Nxd4 10. Qxd4 dxc4 11. Qxc4 Rc8 12. Qa4+ Qd7 13. Qxd7+ Nxd7 14.
Na3 Be4 15. Rac1 Rxc1 16. Rxc1 Kd8 17. f3 Bd5 18. e4 Bc6 19. Nc4 Bb5 20. Na5
Bc5+ 21. Kf1 Bxe2+ 22. Kxe2 b6 23. b4 bxa5 24. bxc5 f6 25. c6 Nb6 26. Bc3 Kc7
27. Bxa5 Rd8 28. h4 Rb8 29. h5 Rd8 30. f4 Rb8 31. Kf3 Rd8 32. Ke3 e5 33. fxe5
fxe5 34. Kf3 Rb8 35. Kg4 Rf8 36. g3 h6 37. Rb1 
1-0

[Event "Chess Attack-serien Eliteserien 2010-2011"]
[Site "Haraldsheim, Oslo"]
[Date "2011.01.21"]
[Round "4"]
[White "Østmoe, Geir Sune Tallaksen"]
[Black "Ulrichsen, Jarl H"]
[Result "1-0"]
[WhiteElo "2402"]
[BlackElo "2121"]
[PlyCount "75"]
[EventDate "2010.??.??"]

1. d4 d5 2. c4 e6 3. Nc3 Nf6 4. cxd5 exd5 5. Bg5 Be7 6. Qc2 c6 7. e3 O-O 8. Bd3
Nbd7 9. Nge2 Re8 10. O-O Nf8 11. f3 Be6 12. Rad1 h6 13. Bh4 Rc8 14. h3 Nh5 15.
Bf2 Bh4 16. g3 Nxg3 17. Nxg3 Bxh3 18. Rfe1 Qf6 19. f4 g6 20. Nf1 Nh7 21. Bxh4
Qxh4 22. Qf2 Qxf2+ 23. Kxf2 Bxf1 24. Bxf1 Nf6 25. Be2 Rc7 26. Bf3 Rce7 27. Na4
Kg7 28. Re2 Kh7 29. Nc5 Kg7 30. Rc1 Rd8 31. Rc3 Rc8 32. Rec2 Rcc7 33. b4 a6 34.
a4 Ne8 35. b5 axb5 36. axb5 Nd6 37. bxc6 bxc6 38. Na6 
1-0

[Event "Chess Attack-serien Eliteserien 2010-2011"]
[Site "Haraldsheim, Oslo"]
[Date "2011.01.21"]
[Round "4"]
[White "Evensen, Tom R"]
[Black "Lahlum, Hans O."]
[Result "1/2-1/2"]
[WhiteElo "2005"]
[BlackElo "2211"]
[PlyCount "72"]
[EventDate "2010.??.??"]

1. d4 d5 2. c4 e6 3. Nf3 c6 4. e3 Nf6 5. Nbd2 Nbd7 6. b3 Bd6 7. Bb2 O-O 8. Bd3
Qe7 9. Ne5 c5 10. O-O b6 11. Qc2 cxd4 12. exd4 Bb7 13. Ndf3 h6 14. Rac1 Rac8
15. Qe2 dxc4 16. bxc4 Rfd8 17. Rfd1 Nf8 18. Nd2 Ba3 19. Bxa3 Qxa3 20. Qe3 Qd6
21. Ndf3 Qc7 22. Rb1 N8d7 23. h3 Ba8 24. Be2 Qb7 25. Bf1 Qe4 26. Rbc1 Nxe5 27.
Nxe5 Nd7 28. Qxe4 Bxe4 29. Ng4 Nb8 30. Rd2 Bb7 31. Ne3 Rd7 32. Rcd1 Rcd8 33. d5
Na6 34. g3 exd5 35. cxd5 Nc5 36. Bb5 Re7 
1/2-1/2

[Event "Chess Attack-serien Eliteserien 2010-2011"]
[Site "Haraldsheim, Oslo"]
[Date "2011.01.21"]
[Round "4"]
[White "Tallaksen, Levi André"]
[Black "Larsen, Martin Halsvik"]
[Result "1/2-1/2"]
[WhiteElo "2151"]
[BlackElo "1815"]
[PlyCount "92"]
[EventDate "2010.??.??"]

1. d4 d5 2. Nf3 Nf6 3. c4 e6 4. Nc3 Be7 5. e3 O-O 6. Bd3 dxc4 7. Bxc4 c5 8. O-O
Nc6 9. a3 cxd4 10. exd4 Nd5 11. Qd3 Bf6 12. Rd1 Nb6 13. Ba2 e5 14. d5 Nd4 15.
Nxd4 exd4 16. Ne4 Re8 17. Kf1 Bg4 18. f3 Bd7 19. Bf4 a6 20. Kg1 Bb5 21. Qd2
Nxd5 22. Bxd5 Qxd5 23. Nxf6+ gxf6 24. Re1 d3 25. Rac1 Rac8 26. Rxc8 Rxc8 27.
Rc1 Re8 28. Be3 f5 29. Re1 f6 30. Kf2 Qc4 31. Rc1 Qh4+ 32. Kg1 f4 33. Bf2 Qg5
34. a4 Bxa4 35. Qxd3 Bc6 36. Rd1 Qg6 37. Qc4+ Kg7 38. Qxf4 Qc2 39. Qd2 Qxd2 40.
Rxd2 Re7 41. Rd6 Rd7 42. Rxd7+ Bxd7 43. Bd4 Kf7 44. Kf2 Ke6 45. Ke3 f5 46. Bc3
Kf7 
1/2-1/2

[Event "Chess Attack-serien Eliteserien 2010-2011"]
[Site "Haraldsheim, Oslo"]
[Date "2011.01.21"]
[Round "4"]
[White "Monsøy, Arild"]
[Black "Aandal, Kristian"]
[Result "1/2-1/2"]
[WhiteElo "1816"]
[BlackElo "1918"]
[PlyCount "66"]
[EventDate "2010.??.??"]

1. c4 Nf6 2. Nc3 g6 3. d3 Bg7 4. g3 O-O 5. Bg2 d6 6. e3 c5 7. Nge2 Nc6 8. O-O
e5 9. e4 Nd4 10. Nxd4 exd4 11. Ne2 Rb8 12. h3 Ne8 13. Nf4 b5 14. b3 Nc7 15. Bd2
Bb7 16. Rb1 Qe7 17. Re1 Rfe8 18. h4 b4 19. Nh3 Qf8 20. f4 f5 21. Nf2 Ne6 22.
exf5 gxf5 23. g4 Bxg2 24. Kxg2 Kh8 25. g5 Qf7 26. Qf3 Qb7 27. Nh1 Qd7 28. Ng3
Nc7 29. h5 h6 30. Rxe8+ Rxe8 31. Re1 Rf8 32. Qe2 Re8 33. Qf3 Rf8 
1/2-1/2

[Event "Chess Attack-serien Eliteserien 2010-2011"]
[Site "Haraldsheim, Oslo"]
[Date "2011.01.22"]
[Round "5"]
[White "Gudbrandsen, Gustav"]
[Black "Johansen, Terje"]
[Result "1/2-1/2"]
[WhiteElo "2179"]
[BlackElo "2193"]
[PlyCount "105"]
[EventDate "2010.??.??"]

1. e4 c6 2. d4 d5 3. exd5 cxd5 4. Bd3 Nc6 5. c3 Nf6 6. Nf3 Bg4 7. Bf4 e6 8. Qb3
Qc8 9. Nbd2 Be7 10. h3 Bh5 11. O-O Bg6 12. Bxg6 hxg6 13. Rfe1 Kf8 14. Rac1 Kg8
15. c4 dxc4 16. Nxc4 Nd5 17. Bd6 Qd7 18. Bxe7 Qxe7 19. Nce5 Nxe5 20. Nxe5 Rd8
21. Rc5 Nf4 22. Rb5 b6 23. Qg3 Qh4 24. Nc6 Rd7 25. Qxh4 Rxh4 26. g3 Rh5 27.
Rxh5 Nxh5 28. Re3 Nf6 29. Ra3 a5 30. Rb3 Nd5 31. Ne5 Rc7 32. h4 Kh7 33. Kg2 f6
34. Ng4 a4 35. Rb5 Rc4 36. Ne3 Rxd4 37. Nxd5 exd5 38. Rxb6 Rd2 39. Kf3 a3 40.
bxa3 Rxa2 41. Rb3 Kh6 42. Rd3 f5 43. g4 fxg4+ 44. Kxg4 Rxf2 45. Rxd5 Rg2+ 46.
Kf3 Ra2 47. Ra5 Ra1 48. Ra8 g5 49. Rh8+ Kg6 50. h5+ Kf5 51. Rf8+ Ke5 52. Re8+
Kf5 53. Rf8+ 
1/2-1/2

[Event "Chess Attack-serien Eliteserien 2010-2011"]
[Site "Haraldsheim, Oslo"]
[Date "2011.01.22"]
[Round "5"]
[White "Leer-Salvesen, Bjarte"]
[Black "Skrondal, Inge Sandstad"]
[Result "1-0"]
[WhiteElo "2330"]
[BlackElo "2252"]
[PlyCount "47"]
[EventDate "2010.??.??"]

1. c4 g6 2. g3 c5 3. Bg2 Bg7 4. Nc3 Nc6 5. Nf3 d6 6. O-O e5 7. a3 Nge7 8. b4
cxb4 9. axb4 Nxb4 10. Ba3 Nbc6 11. Ne4 O-O 12. Nxd6 h6 13. Rb1 Rb8 14. d3 Qa5
15. Qc1 a6 16. Nxc8 Rfxc8 17. Bd6 Ra8 18. Rxb7 Nf5 19. Qa3 e4 20. dxe4 Nxd6 21.
Qxd6 Qa2 22. Bh3 Qxc4 23. Bxc8 Rxc8 24. Qd5 
1-0

[Event "Chess Attack-serien Eliteserien 2010-2011"]
[Site "Haraldsheim, Oslo"]
[Date "2011.01.22"]
[Round "5"]
[White "Thorstensen, Trond"]
[Black "Astrup, Kim Chr."]
[Result "1/2-1/2"]
[WhiteElo "2200"]
[BlackElo "2236"]
[PlyCount "86"]
[EventDate "2010.??.??"]

1. d4 d6 2. c4 f5 3. Nc3 Nf6 4. Nf3 g6 5. Bf4 Bg7 6. h3 O-O 7. e3 Qe8 8. Be2 c6
9. O-O Nbd7 10. Bh2 Ne4 11. Nxe4 fxe4 12. Nd2 Nf6 13. Qc2 d5 14. cxd5 cxd5 15.
Qb3 Qf7 16. Rac1 b6 17. f3 Be6 18. Ba6 Bh6 19. Rc6 Bc8 20. Be2 Bd7 21. Rc7 Be6
22. Bd6 Rfe8 23. Rfc1 exf3 24. Nxf3 Ne4 25. Bh2 Rac8 26. Rf1 Rxc7 27. Bxc7 Rf8
28. Ne5 Qg7 29. Ng4 Bg5 30. Rxf8+ Qxf8 31. Bf3 Nd2 32. Qd1 Nxf3+ 33. gxf3 Bxg4
34. hxg4 Bxe3+ 35. Kg2 Bf4 36. Bxf4 Qxf4 37. Qa4 Kf7 38. Qd1 h5 39. gxh5 gxh5
40. Qd3 h4 41. Qh7+ Kf8 42. Qh8+ Kf7 43. Qh7+ Kf8 
1/2-1/2

[Event "Chess Attack-serien Eliteserien 2010-2011"]
[Site "Haraldsheim, Oslo"]
[Date "2011.01.22"]
[Round "5"]
[White "Østenstad, Berge"]
[Black "Lie, Kjetil A."]
[Result "1/2-1/2"]
[WhiteElo "2452"]
[BlackElo "2515"]
[PlyCount "79"]
[EventDate "2010.??.??"]

1. Nf3 c5 2. c4 g6 3. d4 cxd4 4. Nxd4 Bg7 5. e4 Nc6 6. Be3 Nf6 7. Nc3 O-O 8.
Be2 d6 9. O-O Nxd4 10. Bxd4 Bd7 11. c5 dxc5 12. Bxc5 Bc6 13. Bf3 Nd7 14. Be3 e6
15. Qb3 Qa5 16. Rac1 Rfd8 17. Rfd1 Rac8 18. Be2 Nc5 19. Rxd8+ Rxd8 20. Qc4 Bxc3
21. Qxc3 Qxc3 22. Rxc3 Nxe4 23. Rd3 Rxd3 24. Bxd3 b6 25. Bxe4 Bxe4 26. f4 f6
27. Bd4 Kf7 28. h4 h6 29. g3 g5 30. hxg5 hxg5 31. fxg5 fxg5 32. Kf2 Kg6 33. Be5
Kf5 34. Bb8 a6 35. Ke3 Bd5 36. a3 e5 37. Bc7 b5 38. Bb8 a5 39. Bc7 a4 40. Bb8
1/2-1/2

[Event "Chess Attack-serien Eliteserien 2010-2011"]
[Site "Haraldsheim, Oslo"]
[Date "2011.01.22"]
[Round "5"]
[White "Lie, Espen"]
[Black "Tisdall, Jonathan"]
[Result "1-0"]
[WhiteElo "2441"]
[BlackElo "2399"]
[PlyCount "85"]
[EventDate "2010.??.??"]

1. Nf3 Nf6 2. c4 c6 3. b3 d5 4. Bb2 Bf5 5. e3 e6 6. Be2 h6 7. O-O Nbd7 8. Nc3
Be7 9. d4 O-O 10. Rc1 a6 11. h3 b5 12. Bd3 Ne4 13. Qc2 bxc4 14. bxc4 Rb8 15.
Ba1 Ba3 16. Rb1 Nxc3 17. Rxb8 Qxb8 18. Bxf5 exf5 19. Bxc3 dxc4 20. Qxf5 Nf6 21.
Qa5 Bb2 22. Nd2 Nd5 23. Bxb2 Qxb2 24. Nxc4 Qe2 25. Ne5 Qb5 26. Qxb5 cxb5 27.
Rc1 Rd8 28. Nc6 Rd6 29. e4 Nb6 30. d5 Kf8 31. Na5 Ke7 32. f3 f5 33. Kf2 fxe4
34. fxe4 h5 35. Ke3 Rg6 36. Rc7+ Kd8 37. Rc6 Rf6 38. Kd4 Kd7 39. Ke5 Rxc6 40.
Nxc6 Nc4+ 41. Kd4 Kc7 42. Kc5 Nd2 43. d6+ 
1-0

[Event "Chess Attack-serien Eliteserien 2010-2011"]
[Site "Haraldsheim, Oslo"]
[Date "2011.01.22"]
[Round "5"]
[White "Hobber, Anders"]
[Black "Diesen, Bruce"]
[Result "1/2-1/2"]
[WhiteElo "2093"]
[BlackElo "2125"]
[PlyCount "71"]
[EventDate "2010.??.??"]

1. d4 Nf6 2. Nf3 e6 3. c3 b6 4. Bg5 Bb7 5. Nbd2 Be7 6. e3 d6 7. Bd3 Nbd7 8. O-O
Nd5 9. Bxe7 Qxe7 10. c4 Nb4 11. Be4 d5 12. cxd5 Nxd5 13. Rc1 c5 14. dxc5 Nxc5
15. Bxd5 exd5 16. b4 Nd3 17. Rc3 Nxb4 18. Qa4+ Kf8 19. Rfc1 Na6 20. Nb3 g6 21.
Qd4 f6 22. Qf4 Rd8 23. h4 Kg7 24. Nfd4 Rhe8 25. Nb5 Rd7 26. Nxa7 Nb4 27. Rc7
Red8 28. Rxd7 Rxd7 29. Nc8 Bxc8 30. Rxc8 Qd6 31. Qxd6 Rxd6 32. Rc7+ Kg8 33.
Rc8+ Kg7 34. Rc7+ Kg8 35. Rc8+ Kg7 36. Rc7+ 
1/2-1/2

[Event "Chess Attack-serien Eliteserien 2010-2011"]
[Site "Haraldsheim, Oslo"]
[Date "2011.01.22"]
[Round "5"]
[White "Sahl, Bjarke"]
[Black "Østmoe, Geir Sune Tallaksen"]
[Result "0-1"]
[WhiteElo "2345"]
[BlackElo "2402"]
[PlyCount "80"]
[EventDate "2010.??.??"]

1. e4 e5 2. Nf3 Nc6 3. d4 exd4 4. Nxd4 Nf6 5. Nxc6 bxc6 6. e5 Qe7 7. Qe2 Nd5 8.
c4 Nb6 9. Nd2 a5 10. g3 Qe6 11. Bg2 Bb4 12. O-O O-O 13. a3 Bxd2 14. Bxd2 Ba6
15. Rfe1 Bxc4 16. Qh5 Bd5 17. Bh3 Qg6 18. Qh4 Rfe8 19. Rac1 Qd3 20. Qf4 Qf3 21.
Qxf3 Bxf3 22. Rc5 a4 23. Rc3 Bd5 24. f4 d6 25. Bf1 f5 26. Rce3 Kf7 27. Bd3 g6
28. g4 fxg4 29. h3 Be6 30. hxg4 Bxg4 31. Rg3 Be6 32. Kf2 Bc4 33. Bb1 dxe5 34.
fxe5 Ke6 35. Rh1 Rf8+ 36. Ke3 Kxe5 37. Bc3+ Kd6 38. Rxh7 Rae8+ 39. Be4 Nd5+ 40.
Kd4 Rxe4+ 
0-1

[Event "Chess Attack-serien Eliteserien 2010-2011"]
[Site "Haraldsheim, Oslo"]
[Date "2011.01.22"]
[Round "5"]
[White "Lahlum, Hans O."]
[Black "Ekeberg, Carl Fr."]
[Result "1/2-1/2"]
[WhiteElo "2211"]
[BlackElo "2240"]
[PlyCount "46"]
[EventDate "2010.??.??"]

1. d4 Nf6 2. c4 e6 3. Nc3 Bb4 4. Qc2 O-O 5. a3 Bxc3+ 6. Qxc3 d5 7. Nf3 dxc4 8.
Qxc4 b6 9. Bg5 Ba6 10. Qc2 c5 11. dxc5 bxc5 12. Rd1 Qa5+ 13. Qd2 Nc6 14. Bxf6
gxf6 15. Rc1 Rab8 16. Rc2 Qxd2+ 17. Kxd2 Rfd8+ 18. Kc1 Nd4 19. Rc3 Nb3+ 20. Kc2
Na1+ 21. Kc1 Nb3+ 22. Kc2 Na1+ 23. Kc1 Nb3+ 
1/2-1/2

[Event "Chess Attack-serien Eliteserien 2010-2011"]
[Site "Haraldsheim, Oslo"]
[Date "2011.01.22"]
[Round "5"]
[White "Aulin-Jansson, Jøran"]
[Black "Tallaksen, Levi André"]
[Result "1-0"]
[WhiteElo "2131"]
[BlackElo "2151"]
[PlyCount "143"]
[EventDate "2010.??.??"]

1. e4 e5 2. d4 exd4 3. Qxd4 d6 4. Nc3 Nf6 5. Bg5 Be7 6. O-O-O O-O 7. f4 Nbd7 8.
Nf3 a6 9. e5 Ne8 10. h4 f6 11. Ne4 Nb6 12. Bc4+ d5 13. exf6 Nxf6 14. Bxf6 Bxf6
15. Bxd5+ Qxd5 16. Qxd5+ Nxd5 17. Rxd5 Be6 18. Nxf6+ Rxf6 19. Rd4 c5 20. Rd6
Bg4 21. Rxf6 gxf6 22. Nh2 Bd7 23. Re1 Kf7 24. g3 Rg8 25. Re3 h5 26. Nf1 Be6 27.
b3 Bd5 28. Kd2 a5 29. Ke2 a4 30. Rc3 axb3 31. axb3 b6 32. Ne3 Be6 33. Kf2 Rd8
34. f5 Bc8 35. Rd3 Rxd3 36. cxd3 Ba6 37. Ke2 Bc8 38. Kd2 Ba6 39. Kc3 Bc8 40. d4
Ba6 41. Nd5 Bc8 42. Nxb6 cxd4+ 43. Kxd4 Bxf5 44. b4 Ke6 45. Nd5 Bg4 46. b5 Bf3
47. Ne3 Kd6 48. Nc4+ Ke6 49. b6 Kd7 50. Kc5 Ke6 51. Na5 Kd7 52. Nb3 Bg2 53. Nd4
Be4 54. Ne2 Bf3 55. Nf4 f5 56. Nd5 Kc8 57. Ne7+ Kb7 58. Nxf5 Bg4 59. Nd6+ Kb8
60. Kd4 Bd1 61. Ke5 Be2 62. Kf4 Bd1 63. Kg5 Ka8 64. Ne4 Kb7 65. Nf6 Kxb6 66.
Nxh5 Kc7 67. Ng7 Kd7 68. Kf6 Bc2 69. g4 Bh7 70. g5 Bc2 71. h5 Bh7 72. g6 
1-0

[Event "Chess Attack-serien Eliteserien 2010-2011"]
[Site "Haraldsheim, Oslo"]
[Date "2011.01.22"]
[Round "5"]
[White "Gullaksen, Eirik"]
[Black "Stojanovic, Mihajlo"]
[Result "1/2-1/2"]
[WhiteElo "2315"]
[BlackElo "2187"]
[PlyCount "60"]
[EventDate "2010.??.??"]

1. e4 e6 2. d4 d5 3. Nc3 Nf6 4. Bg5 dxe4 5. Nxe4 Be7 6. Bxf6 Bxf6 7. Nf3 Bd7 8.
Bd3 Bc6 9. c3 Nd7 10. O-O g6 11. Qe2 Bg7 12. Rad1 O-O 13. Bc2 Bxe4 14. Bxe4 c6
15. Rfe1 Qb6 16. h4 Nf6 17. Bd3 c5 18. dxc5 Qxc5 19. Ng5 Rad8 20. Ne4 Nxe4 21.
Bxe4 b5 22. g3 b4 23. cxb4 Qxb4 24. b3 Bd4 25. Bd3 Rd6 26. Bc4 Rfd8 27. Kg2 Bb6
28. Rxd6 Qxd6 29. Qf3 Qc5 30. Rxe6 fxe6 
1/2-1/2

[Event "Chess Attack-serien Eliteserien 2010-2011"]
[Site "Haraldsheim, Oslo"]
[Date "2011.01.22"]
[Round "5"]
[White "Larsen, Martin Halsvik"]
[Black "Gabrielsen, Trond"]
[Result "0-1"]
[WhiteElo "1815"]
[BlackElo "2240"]
[PlyCount "114"]
[EventDate "2010.??.??"]

1. e4 c6 2. d4 d5 3. exd5 cxd5 4. Bd3 Nc6 5. c3 Qc7 6. Ne2 Nf6 7. Bf4 e5 8.
dxe5 Nxe5 9. Bb5+ Bd7 10. Bxd7+ Nfxd7 11. Qxd5 Bd6 12. O-O O-O-O 13. Bg3 Nf6
14. Qb3 Neg4 15. Na3 Bxg3 16. Nxg3 Rd2 17. Nb5 Qc5 18. Qb4 Qxb4 19. cxb4 a6 20.
Nc3 Rxb2 21. Rab1 Rxb1 22. Rxb1 Rd8 23. h3 Ne5 24. a4 Rd2 25. b5 axb5 26. Nxb5
g6 27. Rc1+ Nc6 28. Rc4 Kd7 29. Rf4 Ke7 30. Kf1 Rb2 31. Nd4 Ne5 32. Nf3 Nd3 33.
Rc4 Rxf2+ 34. Kg1 Rb2 35. Rd4 Nc5 36. Rc4 Ne6 37. Ne5 Nd5 38. Nf1 f6 39. Nd3
Rb1 40. Re4 Kf7 41. Kf2 Rb3 42. Rxe6 Rxd3 43. Re4 f5 44. Rh4 h5 45. Rc4 Ke6 46.
Rc5 Ra3 47. Ra5 Ra2+ 48. Kf3 g5 49. Rb5 b6 50. Rb3 Rxa4 51. Ne3 Rf4+ 52. Kg3
Nxe3 53. Rxe3+ Kd5 54. Re8 h4+ 55. Kh2 b5 56. Rg8 b4 57. g4 b3 
0-1

[Event "Chess Attack-serien Eliteserien 2010-2011"]
[Site "Haraldsheim, Oslo"]
[Date "2011.01.22"]
[Round "5"]
[White "Haugli, Petter"]
[Black "Solem, Trond"]
[Result "1-0"]
[WhiteElo "2240"]
[BlackElo "2115"]
[PlyCount "87"]
[EventDate "2010.??.??"]

1. d4 e6 2. c4 b6 3. Nf3 Bb7 4. g3 f5 5. Bg2 Nf6 6. O-O Bd6 7. Nc3 O-O 8. d5
Qe7 9. Nd4 Na6 10. Ncb5 Ne4 11. Nxd6 Nxd6 12. b3 exd5 13. cxd5 Nc5 14. Ba3 a5
15. Rc1 Nde4 16. f3 Ng5 17. h4 d6 18. hxg5 Qxg5 19. Ne6 Qe3+ 20. Rf2 Rf7 21.
Qd4 Qxd4 22. Nxd4 Bxd5 23. Bxc5 dxc5 24. Nxf5 Rxf5 25. e4 Rg5 26. exd5 Rxg3 27.
Re2 Rd8 28. Rd1 Kf7 29. Kf2 Rg5 30. Bh3 Kf8 31. Be6 Rh5 32. Kg3 Rg5+ 33. Kf4
Rg6 34. Rh1 Rf6+ 35. Kg3 Rg6+ 36. Kf2 h6 37. f4 Rf6 38. f5 Rd6 39. Ke3 c6 40.
dxc6 Rxc6 41. Rd2 g6 42. Rd8+ Ke7 43. Rd7+ Ke8 44. Rb7 
1-0

[Event "Chess Attack-serien Eliteserien 2010-2011"]
[Site "Haraldsheim, Oslo"]
[Date "2011.01.22"]
[Round "5"]
[White "Sørgjerd, Jan"]
[Black "Solberg, Joachim"]
[Result "1/2-1/2"]
[WhiteElo "1972"]
[BlackElo "2157"]
[PlyCount "40"]
[EventDate "2010.??.??"]

1. d4 Nf6 2. Nf3 g6 3. c4 Bg7 4. Nc3 d5 5. Bf4 O-O 6. e3 c5 7. h3 Nc6 8. Be5
cxd4 9. exd4 Nxe5 10. dxe5 Ne4 11. cxd5 Nxc3 12. bxc3 Qa5 13. Qd2 Rd8 14. Rd1
Bf5 15. c4 Qc7 16. Be2 Be4 17. O-O Bxf3 18. Bxf3 Bxe5 19. Qb4 Rac8 20. Rc1 b6
1/2-1/2

[Event "Chess Attack-serien Eliteserien 2010-2011"]
[Site "Haraldsheim, Oslo"]
[Date "2011.01.22"]
[Round "5"]
[White "Hagen, Anders G"]
[Black "Glenne, Bjørn Erik"]
[Result "1-0"]
[WhiteElo "2063"]
[BlackElo "2106"]
[PlyCount "87"]
[EventDate "2010.??.??"]

1. d4 Nf6 2. c4 d6 3. Nf3 Nbd7 4. Nc3 e5 5. e4 Be7 6. Be2 c6 7. O-O O-O 8. d5
Nc5 9. Nd2 a5 10. Rb1 Ne8 11. b3 f5 12. a3 Nf6 13. f3 Qb6 14. Kh1 f4 15. b4
axb4 16. axb4 Ncd7 17. c5 Nxc5 18. Nc4 Qa7 19. bxc5 Qxc5 20. Na4 Rxa4 21. Qxa4
b5 22. Qa3 bxc4 23. Qxc5 dxc5 24. dxc6 Be6 25. Bb2 Bd6 26. Rfd1 Bc7 27. Rbc1
Rb8 28. Ba3 Rb6 29. Bxc4 Bxc4 30. Rxc4 Rxc6 31. Rxc5 Rxc5 32. Bxc5 Kf7 33. Bd6
Bxd6 34. Rxd6 Ke7 35. Ra6 g5 36. Kg1 h5 37. h3 g4 38. hxg4 hxg4 39. Kf2 g3+ 40.
Ke2 Nd7 41. Rc6 Nf8 42. Kd3 Kd7 43. Rf6 Ke7 44. Rxf8 
1-0

[Event "Chess Attack-serien Eliteserien 2010-2011"]
[Site "Haraldsheim, Oslo"]
[Date "2011.01.22"]
[Round "5"]
[White "Gyldenås, Ole Jørn"]
[Black "Johansen, Stian"]
[Result "1/2-1/2"]
[WhiteElo "1922"]
[BlackElo "1929"]
[PlyCount "115"]
[EventDate "2010.??.??"]

1. d4 Nf6 2. Nf3 g6 3. c4 Bg7 4. Nc3 O-O 5. e4 d6 6. g3 e5 7. d5 a5 8. Bg2 Bd7
9. h3 Qc8 10. Be3 Na6 11. Qd2 Ne8 12. g4 a4 13. Bh6 Nc5 14. Bxg7 Nxg7 15. O-O-O
Qb8 16. Kb1 b5 17. cxb5 Bxb5 18. Bf1 Bxf1 19. Rhxf1 Qb7 20. Ne1 Rfb8 21. f4
exf4 22. Rxf4 a3 23. Rf2 axb2 24. Nd3 Nxd3 25. Qxd3 Ra3 26. Qd4 Qb6 27. Qf6 Nf5
28. Rdf1 Qe3 29. Rf3 Rxa2 30. Kxa2 b1=Q+ 31. Nxb1 Qe2+ 32. Ka1 Ra8+ 33. Na3
Rxa3+ 34. Rxa3 Qxf1+ 35. Ka2 Qe2+ 36. Qb2 Qc4+ 37. Ka1 Nd4 38. Ra8+ Kg7 39. Ra3
f6 40. Rc3 Qa4+ 41. Kb1 Nb5 42. Rd3 g5 43. h4 h6 44. hxg5 hxg5 45. Kc1 Qc4+ 46.
Kd2 Qc5 47. Ke2 Qc4 48. Ke3 Kg6 49. Kd2 Qc5 50. Rf3 Nd4 51. Rf1 Qc4 52. Rf2
Nb3+ 53. Ke3 Qc5+ 54. Kf3 Qc4 55. Kg3 Nd4 56. Kg2 Qd3 57. Qa2 Qxe4+ 58. Kg3
1/2-1/2

[Event "Chess Attack-serien Eliteserien 2010-2011"]
[Site "Haraldsheim, Oslo"]
[Date "2011.01.22"]
[Round "5"]
[White "Trygstad, Kristian D."]
[Black "Guttulsrud, Odd Martin"]
[Result "1-0"]
[WhiteElo "2329"]
[BlackElo "2115"]
[PlyCount "131"]
[EventDate "2010.??.??"]

1. f4 Nf6 2. Nf3 g6 3. e3 Bg7 4. Be2 c5 5. O-O O-O 6. d3 d5 7. a4 Nc6 8. Ne5
Qd6 9. Nxc6 Qxc6 10. Bf3 Qd6 11. Nc3 e5 12. fxe5 Qxe5 13. d4 cxd4 14. exd4 Qd6
15. Nb5 Qb6 16. Bf4 Bf5 17. Bd6 Rfc8 18. Bc5 Qd8 19. Nd6 b6 20. Nxf5 bxc5 21.
Nxg7 Kxg7 22. c4 cxd4 23. cxd5 Qb6 24. Qd2 Rab8 25. Rf2 Rc4 26. a5 Qb4 27. Qd1
Rd8 28. b3 Rc3 29. Rd2 Qxb3 30. Qxb3 Rxb3 31. Rxd4 Rd6 32. Rc1 Rb8 33. Rc6 Rbd8
34. Rb4 g5 35. Rb7 g4 36. Rxd6 Rxd6 37. Be2 Rxd5 38. Rxa7 h5 39. a6 Ra5 40. Bc4
Ne4 41. Rxf7+ Kg6 42. Rf1 Kg5 43. Bd3 Nd6 44. Kf2 Kf4 45. Ke2+ Ke5 46. Kd2 Ra3
47. Kc2 Kd4 48. Rd1 Nc4 49. Bxc4+ Kxc4 50. Rd6 Ra2+ 51. Kb1 Ra5 52. g3 Rb5+ 53.
Kc2 Ra5 54. Rc6+ Kd5 55. Rf6 Ra1 56. Kb2 Ra4 57. Kb3 Ra1 58. Kb4 Ra2 59. Kb5
Rb2+ 60. Ka5 Rxh2 61. a7 Kc5 62. Rf5+ Kd6 63. Kb6 Rb2+ 64. Rb5 Ra2 65. Ra5 Rb2+
66. Ka6 
1-0

[Event "Chess Attack-serien Eliteserien 2010-2011"]
[Site "Haraldsheim, Oslo"]
[Date "2011.01.22"]
[Round "5"]
[White "Gvein, Kenneth"]
[Black "Moen, Andreas G.R."]
[Result "0-1"]
[WhiteElo "2126"]
[BlackElo "2327"]
[PlyCount "114"]
[EventDate "2010.??.??"]

1. c4 e5 2. Nc3 Nc6 3. g3 Bc5 4. Bg2 f5 5. d3 Nf6 6. e3 d6 7. Nge2 a6 8. O-O
O-O 9. d4 Ba7 10. Rb1 Qe8 11. Nd5 Qf7 12. b3 Nd8 13. dxe5 dxe5 14. Ba3 Re8 15.
Qc2 c6 16. Nxf6+ Qxf6 17. c5 Nf7 18. Bb2 Be6 19. Nf4 Bd7 20. Rbd1 Rad8 21. Nh3
Qe7 22. b4 Be6 23. a3 Bb8 24. f4 Bc8 25. Qc3 Rxd1 26. Rxd1 Rd8 27. Rxd8+ Qxd8
28. Qb3 Kf8 29. Bf1 Qd2 30. Nf2 Ke7 31. Bc4 Nd8 32. h4 Be6 33. Bxe6 Nxe6 34.
Bxe5 Bxe5 35. fxe5 h6 36. Qd3 Qxd3 37. Nxd3 Nc7 38. Nb2 Ke6 39. Nc4 Kd5 40. Nd6
Kxe5 41. Nxb7 Nb5 42. Na5 Kd5 43. a4 Nc3 44. Kg2 Nxa4 45. g4 fxg4 46. e4+ Kxe4
47. Nxc6 Kd5 48. Nb8 Nxc5 49. bxc5 a5 50. c6 Kd6 51. h5 Kc7 52. Nd7 Kxc6 53.
Ne5+ Kd5 54. Nd3 Ke4 55. Nc5+ Kf4 56. Ne6+ Kf5 57. Nxg7+ Ke5 
0-1

[Event "Chess Attack-serien Eliteserien 2010-2011"]
[Site "Haraldsheim, Oslo"]
[Date "2011.01.22"]
[Round "5"]
[White "Stubberud, Ørnulf"]
[Black "Botheim, Tor"]
[Result "1-0"]
[WhiteElo "2314"]
[BlackElo "1921"]
[PlyCount "82"]
[EventDate "2010.??.??"]

1. e4 c5 2. Nf3 d6 3. d4 cxd4 4. Nxd4 Nf6 5. Nc3 g6 6. Be3 Bg7 7. f3 O-O 8. Qd2
Nc6 9. Bc4 Bd7 10. O-O-O Rb8 11. Bb3 Na5 12. Kb1 b5 13. Qe2 a6 14. Qd3 Qc7 15.
h4 h5 16. Bg5 Nc4 17. Nd5 Nxd5 18. exd5 Ne5 19. Qd2 a5 20. a3 b4 21. a4 Nc4 22.
Qd3 Rfc8 23. Bxc4 Qxc4 24. Nc6 Qxd3 25. Nxe7+ Kf8 26. Rxd3 Rc5 27. Nc6 Bxc6 28.
dxc6 Rxc6 29. Rhd1 Rbb6 30. Rd5 Ra6 31. Bd8 Be5 32. Bxa5 Rc4 33. Rb5 Rxh4 34.
Bxb4 Rh2 35. Rxe5 Rh4 36. Rb5 Rxa4 37. Re5 Raxb4 38. Rb5 Ra4 39. Re5 Rab4 40.
Rxd6 Rh2 41. Rd2 Rb6 
1-0

[Event "Chess Attack-serien Eliteserien 2010-2011"]
[Site "Haraldsheim, Oslo"]
[Date "2011.01.22"]
[Round "5"]
[White "Johannessen, Leif E"]
[Black "Hansen, Torbjørn R."]
[Result "1/2-1/2"]
[WhiteElo "2497"]
[BlackElo "2426"]
[PlyCount "62"]
[EventDate "2010.??.??"]

1. d4 Nf6 2. c4 g6 3. g3 Bg7 4. Bg2 O-O 5. Nc3 d6 6. Nf3 Nc6 7. O-O a6 8. h3
Bd7 9. e4 e5 10. dxe5 Nxe5 11. Nxe5 dxe5 12. Be3 Be6 13. Qe2 c6 14. Rfd1 Qe7
15. Na4 Nd7 16. c5 Rad8 17. Rd6 f5 18. Bg5 Qxg5 19. Rxe6 fxe4 20. Rd6 e3 21.
Qxe3 Qxe3 22. fxe3 Bh6 23. Re1 Nf6 24. Nb6 Rxd6 25. cxd6 Rd8 26. Nc4 e4 27. Kf2
b5 28. Nd2 Rxd6 29. Nxe4 Nxe4+ 30. Bxe4 c5 31. Ke2 Kf8 
1/2-1/2